000 00352 a2200109 4500
001 ART_26055
005 20260410161935.0
008 260409a
245 1 0 _aLa derrota del estatismo
100 1 _aBenegas Lynch, Alberto
773 0 _tAnales de la Academia Nacional de Ciencias Económicas
_g- Vol. XXV, (1980) (ene. 1980)
_wREV25596
999 _c29002
_d29002